000 006550000a22001930004500
001 768714001
003 CO-MdFUSB
005 20170420164622.0
008 170420b2002 cr ||||| |||| 00| 0 spa d
040 _aCO-MdFUSB
_bspa
_cCO-MdFUSB
_dCO-MdFUSB
041 _aspa
100 1 _aMora, Alfredo
_eautor
245 1 0 _aLa niñez y la unidad :
_bdos temas estratégicos para la iglesia hoy
300 _aVolumen 4, número 15, (2002), Página 2
_c27 cm.
546 _aTexto en español
650 1 4 _aTRABAJO SOCIAL CON NIÑOS
773 0 _tAlcanzando a los Niños en Riesgo
_049458
_960581
_gVolumen 4, número 15, (2002), Página 2
_qPágina 2
942 _cANA
999 _c49610
_d49610